|
|
|
|
| LEADER |
00722nam a2200205 a 4500 |
| 001 |
c000268474 |
| 003 |
CARM |
| 005 |
20070823154316.0 |
| 008 |
070731s1981 enk 000 1 eng d |
| 019 |
1 |
|
|a 50073486
|5 LACONCORD2021
|
| 020 |
|
|
|a 034026683X (pbk.)
|
| 035 |
|
|
|a (OCoLC)812547615
|5 LACONCORD2021
|
| 040 |
|
|
|a VCAV
|c VCAV
|
| 100 |
1 |
|
|a Gilbert, Anna.
|
| 245 |
1 |
4 |
|a The leavetaking /
|c Anna Gilbert.
|
| 260 |
|
|
|a London :
|b Hodder and Stoughton,
|c 1981.
|
| 300 |
|
|
|a 192 p. ;
|c 18 cm.
|
| 852 |
8 |
|
|b CARM
|h A1:AM11A0
|i A04699
|p 0390053
|f BK
|
| 999 |
f |
f |
|i 77a899b8-c180-5623-a675-8a0ea059eaa7
|s 9e727039-9ce9-59b2-a8d3-b1fbe9036331
|
| 952 |
f |
f |
|p Can circulate
|a CAVAL
|b CAVAL
|c CAVAL
|d CARM 1 Store
|e A04699
|f A1:AM11A0
|h Other scheme
|i book
|m 0390053
|